[Event "London Classic Open 2016"]
[Site "London ENG"]
[Date "2016.12.14"]
[Round "7.3"]
[White "Blomqvist, Erik"]
[Black "Gupta, Abhijeet"]
[Result "1/2-1/2"]
[WhiteTitle "GM"]
[BlackTitle "GM"]
[WhiteElo "2567"]
[BlackElo "2634"]
[WhiteFideId "1709437"]
[BlackFideId "5010608"]
[EventDate "2016.12.09"]

1. e4 e5 2. Nf3 Nc6 3. Bb5 Nf6 4. O-O Nxe4 5. Re1 Nd6 6. Nxe5 Be7 7. Bf1 Nxe5 8.
Rxe5 O-O 9. Nc3 Ne8 10. Nd5 Bd6 11. Re1 c6 12. Ne3 Be7 13. c4 d5 14. cxd5 cxd5
15. Nxd5 Qxd5 16. Rxe7 Be6 17. d4 Nd6 18. Rc7 Rfc8 19. Rxc8+ Rxc8 20. b3 Nf5 21.
Be3 Rd8 22. Rc1 h6 23. Rc3 b5 24. Qd2 a6 25. Qc1 Qa8 26. Qd2 Rd6 27. f3 Qd5 28.
Bf2 b4 29. Rc4 a5 30. Bd3 Qa8 31. Rc1 Qd8 32. Rd1 Ne7 33. Bg3 Rc6 34. Be4 Nd5
35. Re1 Rc3 36. Qe2 Nf6 37. Bf2 Qc7 38. Qb5 Nxe4 39. fxe4 Rc2 40. d5 Qf4 41. Rf1
Bg4 42. Qxa5 Qxe4 43. Re1 Qg6 44. Qxb4 Bf3 45. Qb8+ Kh7 46. Qg3 Bxd5 47. Qxg6+
Kxg6 1/2-1/2

[Event "London Classic Open 2016"]
[Site "London ENG"]
[Date "2016.12.14"]
[Round "7.4"]
[White "Melkumyan, Hrant"]
[Black "Fodor, Tamas Jr."]
[Result "1-0"]
[WhiteTitle "GM"]
[BlackTitle "GM"]
[WhiteElo "2633"]
[BlackElo "2494"]
[WhiteFideId "13302485"]
[BlackFideId "723762"]
[EventDate "2016.12.09"]

1. e4 e5 2. Nf3 Nc6 3. Bc4 Bc5 4. c3 Nf6 5. d3 d6 6. O-O h6 7. Nbd2 O-O 8. Re1
a6 9. a4 Ba7 10. h3 Ne7 11. d4 Ng6 12. Bf1 c6 13. a5 Re8 14. Ra4 Qc7 15. dxe5
dxe5 16. Nc4 Be6 17. Qc2 Bxc4 18. Bxc4 Nd7 19. Ra1 Nc5 20. g3 Ne6 21. Kg2 Rad8
22. Qe2 Rd7 23. h4 Ngf8 24. h5 Nh7 25. Nh4 Qd8 26. Nf5 Qf6 27. Qg4 Kh8 28. Be3
Bxe3 29. Rxe3 Qg5 30. Qxg5 Nexg5 31. f3 Nf6 32. Rh1 Red8 33. Re2 Rd1 34. Rxd1
Rxd1 35. Ne3 Ra1 36. Rd2 Rxa5 37. Rd8+ Kh7 38. Nc2 Rc5 39. Ne3 Ra5 40. Nc2 Rc5
41. Na3 Ra5 42. Rc8 Nxh5 43. Rc7 b5 44. Bb3 Nf6 45. Rxc6 Ne6 46. Nc2 h5 47. Nb4
Ra1 48. Rxa6 Re1 49. Bxe6 fxe6 50. Rxe6 Re2+ 51. Kf1 Rxb2 52. Rxe5 Rb1+ 53. Ke2
Rg1 54. Nd5 Rg2+ 55. Kf1 Rxg3 56. Nxf6+ gxf6 57. Rxh5+ Kg6 58. Rf5 Rh3 59. Kg2
Rh8 60. Rxb5 Rc8 61. Rb3 Kg5 62. Kf2 Kh4 63. Ke3 Kg3 64. f4 Kg4 65. f5 Rc6 66.
Kd4 Kf4 67. Rb5 Ra6 68. c4 Ra1 69. Rb6 Rd1+ 70. Kc5 Kxe4 71. Rxf6 Ke5 72. Rf8 1-0

[Event "London Classic Open 2016"]
[Site "London ENG"]
[Date "2016.12.14"]
[Round "7.5"]
[White "Schroeder, Jan-Christian"]
[Black "Bok, Benjamin"]
[Result "1/2-1/2"]
[WhiteTitle "GM"]
[BlackTitle "GM"]
[WhiteElo "2541"]
[BlackElo "2598"]
[WhiteFideId "24662259"]
[BlackFideId "1017063"]
[EventDate "2016.12.09"]

1. e4 c5 2. Nf3 d6 3. d4 cxd4 4. Nxd4 Nf6 5. Nc3 a6 6. g3 e5 7. Nde2 Be7 8. Bg2
O-O 9. O-O b5 10. Nd5 Nxd5 11. Qxd5 Ra7 12. Be3 Rb7 13. Qd3 Nd7 14. Nc3 Nf6 15.
Bg5 Be6 16. Bxf6 Bxf6 17. Nd5 Bg5 18. c3 Qc8 19. Rfd1 a5 20. a3 a4 21. Qe2 g6
22. Kh1 Kh8 23. f4 Bh6 24. f5 gxf5 25. exf5 Bxf5 26. Nf6 Rb6 27. Rf1 Bg6 28. h4
Bg7 29. Nd5 Rb7 30. h5 Bf5 31. h6 Bxh6 32. Qh5 Bd3 33. Qxh6 Bxf1 34. Rxf1 f5 35.
Qxd6 Qb8 36. Qe6 Rbf7 37. Be4 Qe8 38. Qxe8 Rxe8 39. g4 f4 40. Kg2 Rd8 41. Kf3
Rfd7 42. Nf6 Rd1 43. Rxd1 1/2-1/2

[Event "London Classic Open 2016"]
[Site "London ENG"]
[Date "2016.12.14"]
[Round "7.6"]
[White "Safarli, Eltaj"]
[Black "Karthikeyan, P."]
[Result "1-0"]
[WhiteTitle "GM"]
[BlackTitle "IM"]
[WhiteElo "2691"]
[BlackElo "2474"]
[WhiteFideId "13402129"]
[BlackFideId "5018226"]
[EventDate "2016.12.09"]

1. e4 e5 2. Nc3 Nf6 3. g3 Nc6 4. Bg2 Bc5 5. Nge2 a6 6. d3 d6 7. h3 h6 8. O-O Be6
9. Nd5 Bxd5 10. exd5 Ne7 11. d4 exd4 12. Nxd4 O-O 13. c4 Qd7 14. Qd3 Rfe8 15. b3
Ng6 16. Bb2 Ne5 17. Qc2 Qe7 18. Nf5 Qf8 19. Rae1 Ned7 20. Qd2 Rxe1 21. Rxe1 Re8
22. b4 Rxe1+ 23. Qxe1 Bb6 24. a3 g6 25. Nd4 Qe8 26. Qxe8+ Nxe8 27. Nb3 h5 28.
Kf1 Kf8 29. Ke2 Ke7 30. f4 f5 31. Bf3 Nef6 32. Bc3 Kf7 33. Be1 Ke7 34. Bd2 Kd8
35. Be3 Bxe3 36. Kxe3 Kc8 37. Nd4 Nf8 38. Kd3 Kd8 39. Nb3 Kc8 40. a4 Kb8 41. a5
Kc8 42. c5 Ng8 43. c6 b5 44. g4 hxg4 45. hxg4 fxg4 46. Bxg4+ Kb8 47. Nd4 Ne7 48.
Bf3 Nh7 49. Nc2 Nf6 50. Ne3 Kc8 51. Kd4 Kd8 52. Be2 Ke8 53. Bg4 Nxg4 54. Nxg4
Kf7 55. Nf2 Kf6 56. Ke4 Nf5 57. Nh3 Ng3+ 58. Kf3 Nf5 59. Ng5 Ng7 60. Ne4+ Ke7
61. Nc3 Kd8 62. Kg4 Nf5 63. Kg5 Ne7 64. Kf6 Ke8 65. Kg7 Nf5+ 66. Kxg6 Nd4 67. f5
Kf8 68. Ne4 Nc2 69. Ng5 Nxb4 70. f6 1-0

[Event "London Classic Open 2016"]
[Site "London ENG"]
[Date "2016.12.14"]
[Round "7.7"]
[White "Iturrizaga Bonelli, Eduardo"]
[Black "Deepan, Chakkravarthy J."]
[Result "1/2-1/2"]
[WhiteTitle "GM"]
[BlackTitle "GM"]
[WhiteElo "2652"]
[BlackElo "2471"]
[WhiteFideId "3901211"]
[BlackFideId "5011132"]
[EventDate "2016.12.09"]

1. Nf3 Nf6 2. c4 e6 3. Nc3 Bb4 4. Qc2 d6 5. g4 h6 6. Rg1 Nc6 7. h4 Bxc3 8. dxc3
e5 9. g5 hxg5 10. hxg5 Nd7 11. e4 a5 12. b3 Qe7 13. Be3 Nc5 14. Be2 Bd7 15.
O-O-O g6 16. a3 Be6 17. Kb2 Kf8 18. Rh1 Kg7 19. Rxh8 Rxh8 20. b4 Nd7 21. Qd2 Rh3
22. Ne1 Rh2 23. Nf3 Rh3 24. Ne1 1/2-1/2

[Event "London Classic Open 2016"]
[Site "London ENG"]
[Date "2016.12.14"]
[Round "7.8"]
[White "Zhou, Yang-Fan"]
[Black "Hovhannisyan, Robert"]
[Result "0-1"]
[WhiteTitle "IM"]
[BlackTitle "GM"]
[WhiteElo "2470"]
[BlackElo "2630"]
[WhiteFideId "468584"]
[BlackFideId "13302507"]
[EventDate "2016.12.09"]

1. e4 e5 2. Nf3 Nc6 3. d4 exd4 4. Nxd4 Bc5 5. Nxc6 Qf6 6. Qf3 dxc6 7. Bc4 Qe7 8.
Nc3 Nf6 9. Bg5 h6 10. Bxf6 Qxf6 11. Rd1 Qxf3 12. gxf3 Bd6 13. h4 h5 14. Ne2 b5
15. Bd3 Be6 16. Nd4 Bd7 17. Bf1 O-O-O 18. Bh3 Bxh3 19. Rxh3 Kb7 20. c3 g6 21.
Ke2 Kb6 22. f4 c5 23. Nb3 c4 24. Nd2 Bxf4 25. Rf3 Bxd2 26. Rxd2 Rxd2+ 27. Kxd2
Rd8+ 28. Ke2 Rd7 29. Rf6+ c6 30. f4 a5 31. f5 gxf5 32. Rxf5 b4 33. Rxh5 bxc3 34.
bxc3 Rd3 35. Rf5 Rxc3 36. Rxf7 Rc2+ 37. Kd1 Rxa2 38. e5 Rh2 39. Rf4 a4 40. Rxc4
a3 41. Ra4 a2 42. Kc1 Kb5 43. Ra8 Kb4 44. e6 Kb3 45. e7 Re2 46. Kd1 Rxe7 47.
Rb8+ Kc3 48. Ra8 Rg7 49. Ke2 Rg1 0-1

[Event "London Classic Open 2016"]
[Site "London ENG"]
[Date "2016.12.14"]
[Round "7.9"]
[White "Maze, Sebastien"]
[Black "Bartholomew, John"]
[Result "1-0"]
[WhiteTitle "GM"]
[BlackTitle "IM"]
[WhiteElo "2608"]
[BlackElo "2448"]
[WhiteFideId "613762"]
[BlackFideId "2019353"]
[EventDate "2016.12.09"]

1. e4 c5 2. Nf3 e6 3. d4 cxd4 4. Nxd4 a6 5. c4 Nf6 6. Nc3 Bb4 7. Qd3 Nc6 8. Nxc6
dxc6 9. Qxd8+ Kxd8 10. e5 Nd7 11. Bf4 Bxc3+ 12. bxc3 Kc7 13. O-O-O b6 14. h4 Bb7
15. h5 Rag8 16. Rh3 g5 17. Bh2 g4 18. Rhd3 Nc5 19. Rd4 Rg5 20. Bg3 Rxh5 21. Rxg4
Rd8 22. Rxd8 Kxd8 23. Rh4 Rxh4 24. Bxh4+ Ke8 25. f3 Nd7 26. Bg3 Kf8 27. Bd3 Kg7
28. Kd2 Nc5 29. Bc2 a5 30. Bh4 Nd7 31. f4 Ba6 32. Kd3 f6 33. exf6+ Nxf6 34. Kd4
Nd7 35. Be4 Bb7 36. Ke3 h5 37. Bd8 Kf7 38. Bf3 Kg6 39. c5 bxc5 40. Bxa5 e5 41.
Bc7 exf4+ 42. Kxf4 Nf6 43. Ke5 Nd5 44. Ba5 h4 45. Kd6 c4 46. Ke5 Bc8 47. Kd4 h3
48. gxh3 Bxh3 49. Kxc4 Be6 50. a3 Kf7 51. Kc5 Ke7 52. Kxc6 Ne3 53. Kc7 Nd5+ 54.
Kb7 Ne3 55. Bb4+ Kd8 56. a4 Bc8+ 57. Kb8 Ba6 58. Bb7 Bd3 59. a5 Nc4 60. a6 Ne5
61. Ba5+ 1-0

[Event "London Classic Open 2016"]
[Site "London ENG"]
[Date "2016.12.14"]
[Round "7.10"]
[White "Williams, Simon K"]
[Black "Istratescu, Andrei"]
[Result "0-1"]
[WhiteTitle "GM"]
[BlackTitle "GM"]
[WhiteElo "2443"]
[BlackElo "2596"]
[WhiteFideId "404454"]
[BlackFideId "1200372"]
[EventDate "2016.12.09"]

1. d4 d5 2. c4 c6 3. Nf3 Nf6 4. Qc2 dxc4 5. e4 b5 6. b3 cxb3 7. axb3 e6 8. Bd2
a5 9. Bd3 Bb7 10. O-O h6 11. Rd1 Be7 12. Qc1 Nbd7 13. Nc3 b4 14. Na4 Qc8 15. Qb2
Ba6 16. Bc2 Bb5 17. Rac1 Qb7 18. Bb1 Rc8 19. Be3 Bxa4 20. bxa4 c5 21. dxc5 Nxc5
22. Qe5 O-O 23. Bxh6 Ncxe4 24. Bxg7 Kxg7 25. Nd2 Rxc1 26. Rxc1 Qd5 27. Qc7 Qxd2
28. Rf1 Bd6 29. Qxa5 Bxh2+ 30. Kxh2 Rh8+ 0-1

[Event "London Classic Open 2016"]
[Site "London ENG"]
[Date "2016.12.14"]
[Round "7.11"]
[White "Daulyte, Deimante"]
[Black "Lenderman, Aleksandr"]
[Result "0-1"]
[WhiteTitle "IM"]
[BlackTitle "GM"]
[WhiteElo "2429"]
[BlackElo "2581"]
[WhiteFideId "12802859"]
[BlackFideId "2021285"]
[EventDate "2016.12.09"]

1. e4 d6 2. d4 Nf6 3. Nc3 e6 4. Nf3 Be7 5. Bd3 Nc6 6. h3 O-O 7. a3 e5 8. Be3
exd4 9. Nxd4 Nd7 10. Nd5 Nb6 11. Nxc6 bxc6 12. Nxe7+ Qxe7 13. Qh5 c5 14. O-O c4
15. Be2 Rb8 16. Rfe1 Qxe4 17. Bd3 cxd3 18. Bxb6 Qc6 19. Bd4 Rb5 20. Qh4 dxc2 21.
Bc3 Bf5 22. Qd4 f6 23. Rac1 Bxh3 24. f3 Bf5 25. Qf4 Bg6 26. Re7 Rf7 27. Re3 Rd5
28. Kh2 Rd1 29. Re1 Rxc1 30. Qxc1 Qd7 31. Qd2 h6 0-1

[Event "London Classic Open 2016"]
[Site "London ENG"]
[Date "2016.12.14"]
[Round "7.12"]
[White "Flear, Glenn C"]
[Black "Svane, Rasmus"]
[Result "1/2-1/2"]
[WhiteTitle "GM"]
[BlackTitle "GM"]
[WhiteElo "2428"]
[BlackElo "2555"]
[WhiteFideId "400165"]
[BlackFideId "4657101"]
[EventDate "2016.12.09"]

1. d4 d5 2. c4 c6 3. Nc3 Nf6 4. e3 e6 5. Nf3 Nbd7 6. Bd3 dxc4 7. Bxc4 b5 8. Bd3
Bd6 9. O-O O-O 10. Bd2 Bb7 11. Rc1 Rc8 12. a3 a5 13. e4 e5 14. dxe5 Nxe5 15.
Nxe5 Bxe5 16. Qe2 Re8 17. Rfd1 Qd6 18. g3 Rcd8 19. Be3 Bxc3 20. Rxc3 Nxe4 21.
Rcc1 Qf6 22. Bxe4 Rxe4 23. Rxd8+ Qxd8 24. Rd1 Qe8 25. Qd2 c5 26. Qd8 h6 27.
Qxe8+ Rxe8 28. Bxc5 Bf3 29. Rc1 Re2 30. Bb6 a4 31. Bd4 g5 32. h3 Kh7 33. g4 Bd5
34. Bc3 Kg6 35. Rd1 Be6 36. Rd8 1/2-1/2

[Event "London Classic Open 2016"]
[Site "London ENG"]
[Date "2016.12.14"]
[Round "7.13"]
[White "Sowray, Peter J"]
[Black "Sadzikowski, Daniel"]
[Result "1/2-1/2"]
[WhiteTitle "FM"]
[BlackTitle "IM"]
[WhiteElo "2307"]
[BlackElo "2547"]
[WhiteFideId "400971"]
[BlackFideId "1132253"]
[EventDate "2016.12.09"]

1. c4 Nf6 2. g3 e5 3. Bg2 d5 4. cxd5 Nxd5 5. Nc3 Nb6 6. Nf3 Nc6 7. O-O Be7 8. a3
O-O 9. b4 Be6 10. d3 f6 11. Bb2 Qd7 12. Rc1 a5 13. b5 Na7 14. a4 c6 15. d4 cxb5
16. axb5 e4 17. Nxe4 Qxb5 18. Nc5 Bd5 19. Qc2 Nc6 20. Nh4 Nb4 21. Qf5 Bxc5 22.
Rxc5 Qxe2 23. Rxd5 N6xd5 24. Bxd5+ Nxd5 25. Qxd5+ Kh8 26. Bc3 Rfd8 27. Qxb7 Qc2
28. Qf3 a4 29. Bb4 Qb3 30. Ba3 Rdb8 31. Ra1 Qxf3 32. Nxf3 Rb3 33. Kg2 Rd3 34.
Ra2 Kg8 35. Bc5 Kf7 36. Ne1 Rc3 37. Nc2 Ke6 38. Kf1 f5 39. Ke2 g5 40. Kd2 Rb3
41. Ra1 f4 42. Re1+ Kf5 43. d5 Kg4 44. d6 Rb5 45. Ba3 Rd5+ 46. Kc1 Kf3 47. gxf4
gxf4 48. Re7 Kxf2 49. Rxh7 f3 50. Bb4 Kg1 51. Rg7+ Kxh2 52. Rh7+ Kg3 53. Be1+
Kf4 54. Rf7+ Rf5 55. Rxf5+ Kxf5 56. Nd4+ Ke4 57. Ne6 Ke5 58. Ng5 Kxd6 59. Nxf3
Kd5 60. Kb2 Rf8 61. Nd2 Kd4 62. Nb1 Kd3 63. Bb4 Rf1 64. Nd2 Rd1 65. Ka3 Rxd2 66.
Bxd2 Kxd2 67. Kxa4 1/2-1/2

[Event "London Classic Open 2016"]
[Site "London ENG"]
[Date "2016.12.14"]
[Round "7.14"]
[White "Ehlvest, Jaan"]
[Black "Bates, Richard A"]
[Result "1/2-1/2"]
[WhiteTitle "GM"]
[BlackTitle "IM"]
[WhiteElo "2532"]
[BlackElo "2347"]
[WhiteFideId "4500016"]
[BlackFideId "403555"]
[EventDate "2016.12.09"]

1. d4 Nf6 2. c4 e6 3. Nf3 Bb4+ 4. Bd2 a5 5. Nc3 d6 6. Bg5 h6 7. Bh4 Nbd7 8. Nd2
e5 9. e3 O-O 10. Be2 Re8 11. O-O exd4 12. exd4 Bxc3 13. bxc3 Nf8 14. Bd3 Ng6 15.
Bg3 Ne7 16. Qc2 Nh5 17. Rae1 Bg4 18. h3 Nxg3 19. fxg3 Bh5 20. Bh7+ Kh8 21. Be4
c6 22. c5 d5 23. Bd3 Bg6 24. Nf3 Bxd3 25. Qxd3 Ng6 26. h4 Qc7 27. h5 Nf8 28. Qf5
f6 29. Qf4 Qf7 30. g4 Rxe1 31. Rxe1 Re8 32. Rxe8 Qxe8 33. Kf2 Kg8 34. a4 Ne6 35.
Qe3 Qd7 36. Nh4 Ng5 37. Nf5 Ne4+ 38. Kg1 Kh7 39. Qf4 Nxc3 40. Qd6 Qxd6 41. cxd6
Ne2+ 42. Kf2 Nf4 43. d7 Ne6 44. Ne7 Nd8 1/2-1/2

[Event "London Classic Open 2016"]
[Site "London ENG"]
[Date "2016.12.14"]
[Round "7.15"]
[White "Karthikeyan, Murali"]
[Black "Zujev, Oleg"]
[Result "1-0"]
[WhiteTitle "GM"]
[WhiteElo "2530"]
[BlackElo "2340"]
[WhiteFideId "5074452"]
[BlackFideId "12801585"]
[EventDate "2016.12.09"]

1. e4 c5 2. Nf3 e6 3. d4 cxd4 4. Nxd4 a6 5. Bd3 Bc5 6. Nb3 Be7 7. Qg4 g6 8. Qe2
d6 9. O-O Nd7 10. Nc3 b6 11. f4 Qc7 12. f5 Ngf6 13. fxe6 fxe6 14. Bh6 Rg8 15.
Bg5 Rf8 16. Rf2 Ne5 17. Raf1 Nfg4 18. Rxf8+ Bxf8 19. h3 Nxd3 20. cxd3 Ne5 21.
Qf2 Nf7 22. Bd8 Kxd8 23. Qxf7 Qxf7 24. Rxf7 Ke8 25. Rxh7 Bd7 26. Ne2 g5 27. h4
gxh4 28. Nf4 Rc8 29. Ng6 Rd8 30. Nd4 d5 31. Kh2 dxe4 32. dxe4 e5 33. Nf3 Bc6 34.
Rh8 1-0

[Event "London Classic Open 2016"]
[Site "London ENG"]
[Date "2016.12.14"]
[Round "7.16"]
[White "Hebden, Mark L"]
[Black "Tarhon, Brian"]
[Result "1-0"]
[WhiteTitle "GM"]
[BlackTitle "FM"]
[WhiteElo "2492"]
[BlackElo "2299"]
[WhiteFideId "400084"]
[BlackFideId "423190"]
[EventDate "2016.12.09"]

1. d4 Nf6 2. Nf3 e6 3. e3 c5 4. c4 cxd4 5. exd4 d5 6. Nc3 dxc4 7. Bxc4 Nc6 8.
O-O Be7 9. Qe2 O-O 10. Rd1 Nd5 11. Qe4 Ncb4 12. a3 Nf6 13. Qh4 Nbd5 14. Bd3 g6
15. Bg5 Bd7 16. Nxd5 Nxd5 17. Bc4 Re8 18. Bxd5 exd5 19. Re1 Bxg5 20. Rxe8+ Qxe8
21. Nxg5 h5 22. Qf4 Bf5 23. h3 f6 24. Nf3 Qd8 25. Rc1 Rc8 26. Rxc8 Qxc8 27. Nh4
Kg7 28. Nxf5+ gxf5 29. Qg3+ Kf7 30. Kh2 Qc2 31. Qf3 Qxb2 32. Qxh5+ Ke6 33. Qe8+
Kd6 34. Qe3 Qb5 35. h4 Qd7 36. h5 Qh7 37. Qe8 Qh6 38. g3 f4 39. g4 Qg5 40. Kh3
a5 41. a4 b6 42. Qd8+ Kc6 43. Qe7 f3 44. Kg3 Qd2 45. Qxf6+ 1-0

[Event "London Classic Open 2016"]
[Site "London ENG"]
[Date "2016.12.14"]
[Round "7.17"]
[White "Fressinet, Laurent"]
[Black "Battaglini, Gabriel"]
[Result "1/2-1/2"]
[WhiteTitle "GM"]
[BlackTitle "IM"]
[WhiteElo "2672"]
[BlackElo "2426"]
[WhiteFideId "608742"]
[BlackFideId "621650"]
[EventDate "2016.12.09"]

1. Nf3 Nf6 2. g3 d5 3. Bg2 c6 4. O-O Bf5 5. c4 e6 6. cxd5 exd5 7. d3 h6 8. Nc3
Be7 9. Qb3 Qb6 10. Qc2 O-O 11. e4 dxe4 12. dxe4 Bh7 13. Be3 Qa5 14. Nd4 Nbd7 15.
Rad1 Rfe8 16. Nb3 Qh5 17. f3 Ne5 18. Qe2 Bf8 19. g4 Qh4 20. h3 Qg3 21. Bf2 Qf4
22. Be3 Qg3 23. Qf2 Qxf2+ 24. Rxf2 Nc4 25. Bc5 g5 26. Rd4 Ne5 27. Bxf8 Kxf8 28.
f4 gxf4 29. Rxf4 Ke7 30. Na5 Rab8 31. Nc4 1/2-1/2

[Event "London Classic Open 2016"]
[Site "London ENG"]
[Date "2016.12.14"]
[Round "7.18"]
[White "Moussard, Jules"]
[Black "Raghunandan, Kaumandur Srihari"]
[Result "1-0"]
[WhiteTitle "GM"]
[BlackTitle "IM"]
[WhiteElo "2571"]
[BlackElo "2423"]
[WhiteFideId "642908"]
[BlackFideId "25004964"]
[EventDate "2016.12.09"]

1. Nf3 d5 2. g3 c6 3. Bg2 Bg4 4. O-O Nd7 5. h3 Bh5 6. d3 e6 7. e4 Bd6 8. exd5
cxd5 9. c4 Ne7 10. Nc3 O-O 11. cxd5 exd5 12. g4 Bg6 13. Nh4 Nc5 14. d4 Ne6 15.
f4 Nc6 16. Nxg6 hxg6 17. Be3 Re8 18. f5 gxf5 19. Rxf5 Ne7 20. Rf2 Ng6 21. Qf3
Qd7 22. Raf1 Bf4 23. Qxd5 Qxd5 24. Nxd5 Bxe3 25. Nxe3 Nxd4 26. Nd5 Rf8 27. Be4
Nc6 28. Kg2 Rae8 29. Bxg6 fxg6 30. Rxf8+ Rxf8 31. Rxf8+ Kxf8 32. Kf3 Kf7 33. Ke4
b6 34. g5 Nd8 35. b4 Ne6 36. h4 Ke8 37. Ke5 Kd7 38. a4 Nd8 39. Ke4 Ne6 40. Ne3
Nc7 41. Ke5 Ne6 42. Nc4 Nc7 43. Nb2 Ne6 44. Nd3 a6 45. a5 bxa5 46. bxa5 Nc7 47.
Nf4 Nb5 48. Nxg6 Nd6 49. Kd5 Nb7 50. h5 Nd6 51. h6 gxh6 52. gxh6 Kc7 53. h7 Nf7
54. h8=Q Nxh8 55. Nxh8 Kb7 56. Kd6 Ka7 57. Kc7 Ka8 58. Kb6 Kb8 59. Kxa6 1-0

[Event "London Classic Open 2016"]
[Site "London ENG"]
[Date "2016.12.14"]
[Round "7.19"]
[White "Shabalov, Alexander"]
[Black "Eggleston, David J"]
[Result "1-0"]
[WhiteTitle "GM"]
[BlackTitle "IM"]
[WhiteElo "2563"]
[BlackElo "2399"]
[WhiteFideId "2008572"]
[BlackFideId "412120"]
[EventDate "2016.12.09"]

1. c4 Nf6 2. Nc3 e6 3. e4 d5 4. e5 d4 5. exf6 dxc3 6. dxc3 Qxd1+ 7. Kxd1 gxf6 8.
g3 Bd7 9. Bg2 Bc6 10. Bf3 a5 11. Ke2 a4 12. Be3 Bxf3+ 13. Nxf3 Nd7 14. Rhd1 h5
15. Rd4 Ne5 16. Rad1 c5 17. Rf4 Ng6 18. Rxf6 Be7 19. Bg5 Rd8 20. Nd2 Rd6 21. Ne4
Rxd1 22. Kxd1 Bxf6 23. Bxf6 O-O 24. Nxc5 Rc8 25. Nxb7 Rb8 26. Nd6 Rxb2 27. c5
Kf8 28. c4 e5 29. Nf5 Ke8 30. c6 Rb6 31. c7 Kd7 32. Bd8 Rc6 33. Ne3 Ne7 34. Kc2
Nc8 35. Kd3 Nd6 36. Nd5 e4+ 37. Ke3 Nxc4+ 38. Kxe4 Nd6+ 39. Kd3 a3 40. Nf6+ Kc8
41. Nxh5 Nb5 42. Nf4 Nxc7 43. Be7 Nb5 44. h4 Rc3+ 45. Kd2 Kd7 46. Bf6 Rc6 47.
Bg7 Nd6 48. h5 Nf5 49. Bc3 Nh6 50. Kd3 Ng4 51. Bd4 Rd6 52. Kc4 Ke8 53. Kc5 Rh6
54. f3 Nf6 55. g4 Nd7+ 56. Kd5 Ra6 57. Nd3 f6 58. f4 Kf7 59. Nb4 Ra5+ 60. Kd6
Nf8 61. Nc6 Rb5 62. Nd8+ Ke8 63. Bxf6 Rb2 64. g5 Nh7 65. Bd4 Nf8 66. g6 Nxg6 67.
hxg6 Rg2 68. f5 Kxd8 69. g7 Ke8 70. Ke6 Re2+ 71. Be5 Rg2 72. f6 Rg6 73. Bd4
Rxf6+ 74. Kxf6 1-0

[Event "London Classic Open 2016"]
[Site "London ENG"]
[Date "2016.12.14"]
[Round "7.20"]
[White "Libiszewski, Fabien"]
[Black "Martins, David Pires Tavares"]
[Result "1-0"]
[WhiteTitle "GM"]
[BlackTitle "FM"]
[WhiteElo "2547"]
[BlackElo "2382"]
[WhiteFideId "616834"]
[BlackFideId "1909991"]
[EventDate "2016.12.09"]

1. e4 e6 2. d4 d5 3. Nc3 Nf6 4. Bg5 Bb4 5. e5 h6 6. Bc1 Ne4 7. Qg4 Kf8 8. Ne2 c5
9. a3 Bxc3+ 10. Nxc3 Nxc3 11. bxc3 Qa5 12. Bd2 Qa4 13. Qd1 Nc6 14. Qb1 a6 15.
dxc5 Qe4+ 16. Be3 Qxe5 17. Qb2 f5 18. g3 Kf7 19. O-O-O Rd8 20. Bf4 Qf6 21. Bd6
b5 22. f4 Bd7 23. Rg1 Kg8 24. Bd3 Be8 25. h3 Bg6 26. Rde1 Ra7 27. g4 fxg4 28.
hxg4 Rxd6 29. cxd6 Qxf4+ 30. Kb1 Bxd3 31. cxd3 Qxd6 32. g5 hxg5 33. Rxg5 Rf7 34.
Reg1 Ne7 35. Qb4 Qc7 36. Rh5 Rf4 37. Qb2 Rf6 38. c4 Kf7 39. Rhg5 Nf5 40. cxd5
Qd6 41. dxe6+ Qxe6 42. Qc3 Qd7 43. Qb3+ Kf8 44. Rh5 Nh6 45. Rd5 Qe7 46. Qc3 1-0

[Event "London Classic Open 2016"]
[Site "London ENG"]
[Date "2016.12.14"]
[Round "7.21"]
[White "Moen, Andreas"]
[Black "Handke, Florian"]
[Result "0-1"]
[WhiteTitle "IM"]
[BlackTitle "GM"]
[WhiteElo "2327"]
[BlackElo "2515"]
[WhiteFideId "1501453"]
[BlackFideId "4634527"]
[EventDate "2016.12.09"]

1. e4 c5 2. Nf3 Nc6 3. d4 cxd4 4. Nxd4 Nf6 5. Nc3 e5 6. Ndb5 d6 7. Bg5 a6 8. Na3
b5 9. Bxf6 gxf6 10. Nd5 f5 11. exf5 Bxf5 12. Bd3 Be6 13. Qf3 Bg7 14. c3 O-O 15.
Nc2 f5 16. Nf4 e4 17. Qg3 Bf7 18. Be2 Kh8 19. Bh5 Bxh5 20. Nxh5 Be5 21. f4 exf3
22. Qxf3 Qh4+ 23. g3 Qe4+ 24. Qxe4 fxe4 25. O-O-O b4 26. Rhe1 bxc3 27. bxc3 Rf3
28. Rxe4 Rxc3 29. Kd2 Rc8 30. Ra4 a5 31. Nf4 Nb4 32. Nxb4 axb4 33. Nd3 Bf6 34.
Rxb4 Ra3 35. Ke2 Rxa2+ 36. Kf3 Rxh2 37. Rdb1 Rd2 38. Nf4 Rdc2 39. Rb8 Be5 40.
Rxc8+ Rxc8 41. Rb7 Kg8 42. Rd7 Rf8 43. Kg4 Kh8 44. Kh4 Rg8 45. Kh3 h6 46. Kh4
Rg5 47. Rd8+ Kh7 48. Rd7+ Kg8 49. Rd8+ Kf7 50. Rd7+ Kf6 51. Rh7 Kf5 52. Rxh6
Rg4+ 53. Kh5 Bxf4 54. gxf4 Rg1 55. Rxd6 Rh1# 0-1

[Event "London Classic Open 2016"]
[Site "London ENG"]
[Date "2016.12.14"]
[Round "7.22"]
[White "Bellahcene, Bilel"]
[Black "Siva, Mahadevan"]
[Result "1-0"]
[WhiteTitle "IM"]
[BlackTitle "IM"]
[WhiteElo "2496"]
[BlackElo "2360"]
[WhiteFideId "696358"]
[BlackFideId "25043153"]
[EventDate "2016.12.09"]

1. d4 Nf6 2. c4 g6 3. Nc3 d5 4. Bg5 Bg7 5. Bxf6 Bxf6 6. cxd5 c6 7. Rc1 O-O 8. e4
e6 9. e5 Bg5 10. d6 Bxc1 11. Qxc1 Nd7 12. Nf3 c5 13. Qh6 f6 14. dxc5 Nxe5 15.
Nxe5 fxe5 16. Bd3 Qf6 17. Qe3 Bd7 18. O-O Rac8 19. b4 Qf4 20. Ne4 Bc6 21. Rc1 b6
22. Qxf4 exf4 23. Ng5 bxc5 24. bxc5 Bd5 25. Ba6 Rb8 26. c6 h6 27. c7 hxg5 28.
cxb8=Q Rxb8 29. d7 Kf7 30. Rc8 Rb1+ 31. Bf1 Bc4 32. Rxc4 Rd1 33. Rc7 Ke7 34.
Rxa7 e5 35. f3 g4 36. fxg4 e4 37. Ra4 Re1 38. Kf2 Re3 39. Bb5 g5 40. Ra8 1-0

[Event "London Classic Open 2016"]
[Site "London ENG"]
[Date "2016.12.14"]
[Round "7.24"]
[White "Bellaiche, Anthony"]
[Black "Lercel, Michal"]
[Result "1-0"]
[WhiteTitle "IM"]
[WhiteElo "2472"]
[BlackElo "2266"]
[WhiteFideId "615668"]
[BlackFideId "1114700"]
[EventDate "2016.12.09"]

1. e4 e5 2. Nf3 Nc6 3. Bb5 a6 4. Ba4 Nf6 5. O-O Be7 6. Re1 b5 7. Bb3 O-O 8. a4
b4 9. d3 d6 10. Nbd2 Na5 11. Ba2 Be6 12. Bxe6 fxe6 13. c3 c5 14. cxb4 cxb4 15.
d4 Qb6 16. Nb3 Nc4 17. Ng5 d5 18. a5 Qd6 19. dxe5 Qxe5 20. exd5 Nxb2 21. f4 Qc3
22. Bxb2 Qxb2 23. Re2 Qc3 24. Rc1 Nxd5 25. Rxc3 Nxc3 26. Qc2 Bxg5 27. fxg5 Nxe2+
28. Qxe2 Kh8 29. h3 Rae8 30. Qe5 Rf5 31. Qe4 Rxg5 32. Qc6 Rd8 33. Qxe6 h6 34.
Qe7 Rdd5 35. Qxb4 Rd1+ 36. Kh2 Rb1 37. Qf8+ Kh7 38. Qf3 Rb2 39. h4 Rb5 40. Qd3+
Kh8 41. Nd2 Ra2 42. Nc4 Ra4 43. Qd8+ Kh7 44. Nb6 Raxa5 45. Nd7 Rd5 46. Nf8+ Kg8
47. Qe8 Re5 48. Ne6+ Kh7 49. Qf7 Rxe6 50. Qxe6 h5 51. Qe4+ Kh8 52. Qc4 Kh7 53.
Qd3+ 1-0